Организация и ведение аварийно-спасательных работ: учебное пособие

Detaylı Bibliyografya
Müşterek Yazar: Национальный исследовательский Томский политехнический университет
Diğer Yazarlar: Аверкиев А. А. Алексей Анатольевич (составитель), Романцов И. И. Игорь Иванович, Сечин А. И. Александр Иванович
Özet:В учебном пособии, составленном в соответствии с программой курса, в концентрированном виде изложены важнейшие нормативно-правовые положения и справочные сведения, регламентирующие статус спасателя, порядок реагирования на чрезвычайные ситуации, организацию и ведение поисково-спасательных работ в зонах различных чрезвычайных ситуаций. Даны рекомендации по технике безопасности и основам выживания в различных экстремальных условиях. Предназначено для студентов, обучающихся по направлению 20.03.01 "Техносферная безопасность".
Dil:Rusça
Baskı/Yayın Bilgisi: Томск, Изд-во ТПУ, 2019
Edisyon:2-е изд.
Konular:
Materyal Türü: MixedMaterials Kitap
KOHA link:https://koha.lib.tpu.ru/cgi-bin/koha/opac-detail.pl?biblionumber=343842

MARC

LEADER 00000nam0a2200000 4500
001 343842
005 20240111141611.0
035 |a (RuTPU)RU\TPU\book\374474 
090 |a 343842 
100 |a 20191101d2019 m y0rusy50 ca 
101 0 |a rus 
102 |a RU 
105 |a a j 001zy 
200 1 |a Организация и ведение аварийно-спасательных работ  |e учебное пособие  |f Национальный исследовательский Томский политехнический университет ; сост. А. А. Аверкиев, И. И. Романцов, А. И. Сечин 
205 |a 2-е изд. 
210 |a Томск  |c Изд-во ТПУ  |d 2019 
215 |a 134 с.  |c ил. 
320 |a Библиогр.: с. 131-133 
330 |a В учебном пособии, составленном в соответствии с программой курса, в концентрированном виде изложены важнейшие нормативно-правовые положения и справочные сведения, регламентирующие статус спасателя, порядок реагирования на чрезвычайные ситуации, организацию и ведение поисково-спасательных работ в зонах различных чрезвычайных ситуаций. Даны рекомендации по технике безопасности и основам выживания в различных экстремальных условиях. Предназначено для студентов, обучающихся по направлению 20.03.01 "Техносферная безопасность". 
606 1 |a Аварийно-спасательное дело  |2 stltpush  |3 (RuTPU)RU\TPU\subj\82  |9 29120 
610 1 |a Россия 
610 1 |a спасатели 
610 1 |a деятельность 
610 1 |a социально-правовые основы 
610 1 |a чрезвычайные ситуации 
610 1 |a классификация 
610 1 |a поисково-спасательные работы 
610 1 |a безопасность 
610 1 |a неотложные работы 
610 1 |a затопляемые территории 
610 1 |a плавучие средства 
610 1 |a пожары 
610 1 |a задымленность 
610 1 |a транспортные аварии 
610 1 |a авиационные происшествия 
610 1 |a железнодорожные катастрофы 
610 1 |a учебные пособия 
610 1 |a труды учёных ТПУ 
675 |a 614.8(075.8)  |v 4 
702 1 |a Аверкиев  |b А. А.  |g Алексей Анатольевич  |4 220 
702 1 |a Романцов  |b И. И.  |c специалист в области экологии и безопасности жизнедеятельности  |c доцент Томского политехнического университета, кандидат технических наук  |f 1967-  |g Игорь Иванович  |3 (RuTPU)RU\TPU\pers\32975  |4 220  |9 16820 
702 1 |a Сечин  |b А. И.  |c специалист в области экологии и безопасности жизнедеятельности  |c профессор Томского политехнического университета, доктор технических наук  |f 1950-  |g Александр Иванович  |3 (RuTPU)RU\TPU\pers\26051  |4 220 
712 0 2 |a Национальный исследовательский Томский политехнический университет  |c (2009- )  |3 (RuTPU)RU\TPU\col\15902  |9 26305 
801 1 |a RU  |b 63413507  |c 20191101 
801 2 |a RU  |b 63413507  |c 20191129  |g RCR 
942 |c BK